000
00192 a2200097 4500
020
_a
U2012'0507
041
_a
eng
100
_a
Bryson, Bill
245
_a
Notes from a small island
942
_c
BK
999
_c
11423
_d
11423